Estadísticas para Futbolistas que han jugado (poco) con la selección española #2

Haz click aquí para intentar la prueba.

Estadísticas generales

  • Esta prueba ha sido intentada 126 veces
  • La puntuación promedio es 20 de 24

Estadísticas de respuestas

Respuesta% Correcto
Lucas Vázquez
100%
Cucurella
99%
Parejo
97%
Bojan
94%
Bryan Zaragoza
94%
Munir
93%
Odriozola
93%
Bryan Gil
92%
Eric García
92%
Callejón
90%
Beñat
87%
Alberto Moreno
86%
Luis Alberto
85%
Hermoso
83%
Juanmi
83%
Asenjo
80%
Mario Suárez
77%
Bernat
75%
Abel Ruiz
72%
Pau López
65%
Unai Núñez
64%
Fran Beltrán
60%
Michu
53%
Manu del Moral
37%

Distribución de puntuación

Porcentaje por número respondido

Porcentaje de gente con cada puntuación

Historial de tus puntuaciones

No has intentado esta prueba.